|
|
|
|
| LEADER |
00923nam a22002412a 4500 |
| 001 |
000388265 |
| 003 |
CZ BrMZK |
| 005 |
20081010133521.0 |
| 007 |
ta |
| 008 |
980107s1973 xo f slo d |
| 040 |
|
|
|a BOA001
|b cze
|
| 100 |
1 |
|
|a Pavlík, Ondrej,
|d 1916-1996
|7 mzk2002144662
|4 aut
|
| 245 |
1 |
0 |
|a Vedeckotechnická revolúcia a výchova /
|c Ondrej Pavlík
|
| 250 |
|
|
|a 1. vyd.
|
| 260 |
|
|
|a Bratislava :
|b Slovenské pedagogické nakladateľstvo,
|c 1973
|
| 300 |
|
|
|a 81 s.
|
| 490 |
1 |
|
|a Pedagogické aktuality
|
| 830 |
|
0 |
|a Pedagogické aktuality (Slovenské pedagogické nakladateľstvo)
|
| 910 |
|
|
|a BOA001
|b PK-0068.884
|b 1-0706.715
|
| 964 |
|
|
|a Výchova - revoluce vědecko-technická - vlivy
|
| 990 |
|
|
|a BK
|
| 996 |
7 |
|
|b 2619529458
|c 1-0706.715
|l MZK
|r Sklad / do 1 hodiny
|n 0
|w 000388265
|u 000040
|a 1
|e BOA001
|j MZK50
|s A
|
| 996 |
7 |
|
|b 3119814523
|c PK-0068.884
|l MZK
|r Sklad / do 1 hodiny
|n 0
|w 000388265
|u 000010
|a 1
|e BOA001
|j MZK50
|s A
|